000 00372nam a2200145Ia 4500
008 230711s9999||||xx |||||||||||||| ||und||
041 _aENG
082 _a620
_bSM-M
100 _aCamm,F.J
245 0 _aPractical mechanics handbook
250 _a1st Ed.
260 _c1971
_aBombay
_bD. B. Taraporevala Sons & Co. Pvt.Ltd
650 _aMechanical Engineering
942 _cBK
999 _c1152
_d1152